Statistiques concernant Les pays qui ont le plus de véhicules par habitant

Cliquez ici pour prendre le quiz!

Statistiques générales

  • Ce quiz a été pris 176 fois
  • Le résultat moyen est 11 sur 20

Statistiques - réponses

Véhicules pour 1000 habitantsPays% Correct
816États-Unis
95%
685Canada
88%
574Allemagne
84%
590Japon
81%
663Italie
71%
784Australie
70%
899Monaco
60%
681Luxembourg
57%
1207Andorre
52%
1263Saint-Marin
49%
781Liechtenstein
48%
562Autriche
47%
837Nouvelle-Zélande
47%
642Pologne
44%
642Finlande
36%
866Islande
36%
597Malte
30%
645Chypre
22%
598Estonie
22%
721Brunei
16%

Distribution des résultats

Percentile par nombre de réponses

% des personnes avec chaque résultat

Votre développement - résultats

Vous n’avez pas pris ce quiz